000 00441nam a2200145 4500
001 120841
003 ES-MaACL
007 t|
008 070214s1906 fr r ||||1| fre d
100 1 _aPrat, Louis.
_993668
245 1 3 _aLe caractere empirique et la personne du rôle de la nolonté en psychologie et en morale /
_cpar Louis Prat.
260 _aParis :
_bFelix Alcan,
_c1906.
300 _a452 p. ;
_c23 cm.
852 _aES-MaACL
_jB-7030
999 _c120841
_d120841